| 000 | 00621cam a22002292a 4500 | ||
|---|---|---|---|
| 001 | 007523 | ||
| 003 | AR-FADEU | ||
| 008 | 311216n1997####xxu####################dd | ||
| 020 | _a950-802-055-5 | ||
| 092 |
_a371.28 _bP971 |
||
| 100 | _aPruzzo de Di Pego, Vilma | ||
| 245 | _aBiografía del fracaso escolar : recuperación psicopedagógica | ||
| 260 | _aBuenos Aires | ||
| 260 | _bEspacio | ||
| 260 | _bUN.L.PAM | ||
| 260 | _c1997 | ||
| 300 | _a126 p. : cuad., graf | ||
| 440 | _aDidactica | ||
| 500 | _aIncluye bibliografía | ||
| 650 | _aINVESTIGACION INTERDISCIPLINARIA; FRACASO ESCOLAR | ||
| 942 | _cBDGR | ||
| 999 |
_c13337 _d13337 |
||